Informe de Labores 1983

Wedi'i Gadw mewn:
Manylion Llyfryddiaeth
Awdur Corfforaethol: Honduras. Secretaria de Estado en los Despachos de Relaciones Exteriores
Fformat: Texto
Cyhoeddwyd: Tegucigalpa: Secretaria de Estado en los Despachos de Relaciones Exteriores
Tagiau: Ychwanegu Tag
Dim Tagiau, Byddwch y cyntaf i dagio'r cofnod hwn!

MARC

LEADER 00000 a a2200000 04500
001 22868
003
040
090 |a 156800  
110 |a Honduras. Secretaria de Estado en los Despachos de Relaciones Exteriores  
245 |a Informe de Labores 1983  
260 |a Tegucigalpa:   |b Secretaria de Estado en los Despachos de Relaciones Exteriores  
300 |a 320 p.  
999 |c 13954  |d 13954